Cyclisme : Startlist Critérium du Dauphiné 2024 - Statistiques

Statistiques générales
  • Ce quiz a été pris 62 fois
    61 depuis la dernière actualisation
  • Le résultat moyen est 58 sur 154
Statistiques - réponses
TEAM Hint Réponse % Correct
Visma Lease a Bike US Matteo JORGENSON
93%
Visma Lease a Bike US Sepp KUSS
90%
UAE Team Emirates ES Juan AYUSO
88%
BORA - Hansgrohe SN Primož ROGLIC
85%
Soudal Quick-Step BE Remco EVENEPOEL
85%
Cofidis FR Guillaume MARTIN
78%
BORA - Hansgrohe RU Aleksandr VLASOV
75%
INEOS Grenadiers ES Carlos RODRÍGUEZ
75%
Arkéa - B&B Hotels ES Cristián RODRÍGUEZ
75%
Lidl-Trek IT Giulio CICCONE
75%
UAE Team Emirates FR Pavel SIVAKOV
75%
DSM-Firmenich PostNL FR Warren BARGUIL
75%
Groupama - FDJ FR David GAUDU
73%
Decathlon AG2R La Mondiale IE Sam BENNETT
73%
Soudal Quick-Step DK Casper PEDERSEN
70%
Lidl-Trek DK Mads PEDERSEN
70%
Uno-X DK Magnus CORT
70%
Groupama - FDJ LU Kevin GENIETS
68%
UAE Team Emirates ES Marc SOLER
68%
Visma Lease a Bike BE Tiesj BENOOT
68%
Intermarché - Wanty FR Hugo PAGE
65%
INEOS Grenadiers BE Laurens DE PLUS
65%
Soudal Quick-Step ES Mikel LANDA
63%
Groupama - FDJ FR Romain GRÉGOIRE
63%
Israel - Premier Tech CA Derek GEE
60%
Visma Lease a Bike NL Dylan VAN BAARLE
60%
BORA - Hansgrohe AU Jai HINDLEY
60%
BORA - Hansgrohe IT Matteo SOBRERO
60%
INEOS Grenadiers PL Michał KWIATKOWSKI
60%
Bahrain - Victorious CO Santiago BUITRAGO
60%
UAE Team Emirates BE Tim WELLENS
60%
Cofidis ES Gorka IZAGIRRE
58%
EF Education - EasyPost US Neilson POWLESS
58%
BORA - Hansgrohe LU Bob JUNGELS
55%
Decathlon AG2R La Mondiale FR Bruno ARMIRAIL
55%
Decathlon AG2R La Mondiale BE Oliver NAESEN
55%
Intermarché - Wanty FR Adrien PETIT
53%
Astana CO Harold TEJADA
53%
Soudal Quick-Step BE Ilan VAN WILDER
53%
Jayco AlUla NL Jan MAAS
53%
INEOS Grenadiers ES Jonathan CASTROVIEJO
53%
UAE Team Emirates DE Nils POLITT
53%
Groupama - FDJ FR Quentin PACHER
53%
DSM-Firmenich PostNL FR Romain COMBAUD
53%
Groupama - FDJ FR Valentin MADOUAS
53%
Lotto Dstny DK Andreas KRON
50%
BORA - Hansgrohe AT Marco HALLER
50%
Visma Lease a Bike NL Steven KRUIJSWIJK
50%
Lidl-Trek LU Alex KIRSCH
48%
Soudal Quick-Step FR Antoine HUBY
48%
Lidl-Trek ES Carlos VERONA
48%
Israel - Premier Tech GB Chris FROOME
48%
Decathlon AG2R La Mondiale FR Dorian GODON
48%
Decathlon AG2R La Mondiale NO Edvald BOASSON HAGEN
48%
Intermarché - Wanty RS Louis MEINTJES
48%
Movistar ES Oier LAZKANO
48%
Lidl-Trek LV Toms SKUJIŅŠ
48%
Bahrain - Victorious GB Fred WRIGHT
45%
Astana IT Lorenzo FORTUNATO
45%
INEOS Grenadiers ES Omar FRAILE
45%
INEOS Grenadiers GB Ben TURNER
43%
Movistar IT Davide FORMOLO
43%
Movistar ES Javier ROMO
43%
INEOS Grenadiers GB Joshua TARLING
43%
EF Education - EasyPost US Sean QUINN
43%
Jayco AlUla AU Chris HARPER
40%
Decathlon AG2R La Mondiale FR Clément BERTHET
40%
Movistar AT Gregor MUHLBERGER
40%
Decathlon AG2R La Mondiale FR Nicolas PRODHOMME
40%
Lidl-Trek GB Tao GEOGHEGAN HART
40%
Bahrain - Victorious IT Antonio TIBERI
38%
Groupama - FDJ FR Clément RUSSO
38%
Israel - Premier Tech DK Jakob FUGLSANG
38%
Soudal Quick-Step GB James KNOX
38%
Lidl-Trek RS Ryan GIBBONS
38%
Uno-X NO Andreas LEKNESSUND
35%
Bahrain - Victorious AU Jack HAIG
35%
Jayco AlUla AU Luke DURBRIDGE
35%
Arkéa - B&B Hotels FR Mathis LE BERRE
35%
Visma Lease a Bike NL Bart LEMMEN
33%
Arkéa - B&B Hotels FR Clément CHAMPOUSSIN
33%
Intermarché - Wanty DE Georg ZIMMERMANN
33%
UAE Team Emirates ES Igor ARRIETA
33%
BORA - Hansgrohe DE Nico DENZ
33%
Groupama - FDJ FR Rémy ROCHAS
33%
Jayco AlUla DK Christopher JUUL-JENSEN
30%
Lotto Dstny AR Eduardo SEPULVEDA
30%
DSM-Firmenich PostNL LV Emīls LIEPINS
30%
Soudal Quick-Step IT Gianni MOSCON
30%
Israel - Premier Tech CA Hugo HOULE
30%
Lotto Dstny DK Jonas GREGAARD
30%
Israel - Premier Tech LV Krists NEILANDS
30%
Q36.5 GB Mark DONOVAN
30%
Alpecin - Deceuninck AT Tobias BAYER
30%
Jayco AlUla AU Callum SCOTSON
25%
Q36.5 NO Carl Fredrik HAGEN
25%
Arkéa - B&B Hotels FR Clément VENTURINI
25%
Movistar CO Iván Ramiro SOSA
25%
UAE Team Emirates NZ Michael VINK
25%
Lotto Dstny BE Milan MENTEN
25%
Uno-X NO Odd Christian EIKING
25%
Arkéa - B&B Hotels FR Florian SÉNÉCHAL
23%
Movistar ES Iván GARCÍA CORTINA
23%
Bahrain - Victorious PL Kamil GRADEK
23%
Intermarché - Wanty BE Kobe GOOSSENS
23%
Visma Lease a Bike NL Koen BOUWMAN
23%
Cofidis GB Oliver KNIGHT
23%
EF Education - EasyPost DE Jonas RUTSCH
20%
Alpecin - Deceuninck IT Luca VERGALLITO
20%
Astana IT Michele GAZZOLI
20%
Intermarché - Wanty BE Tom PAQUOT
20%
Cofidis FR Axel MARIAULT
18%
Israel - Premier Tech BE Dylan TEUNS
18%
Bahrain - Victorious DE Jasha SÜTTERLIN
18%
Alpecin - Deceuninck DE Jason OSBORNE
18%
Cofidis ES Jonathan LASTRA
18%
Arkéa - B&B Hotels BE Laurens HUYS
18%
DSM-Firmenich PostNL AU Alex EDMONDSON
15%
EF Education - EasyPost IE Darren RAFFERTY
15%
Jayco AlUla IT Davide DE PRETTO
15%
Q36.5 NZ James WHELAN
15%
EF Education - EasyPost GB Owain DOULL
15%
Bahrain - Victorious AT Rainer KEPPLINGER
15%
Arkéa - B&B Hotels FR Thibault GUERNALEC
15%
Q36.5 SE Tobias LUDVIGSSON
15%
Astana DK Anthon CHARMIG
13%
Movistar ES Antonio PEDRERO
13%
Q36.5 IT Filippo CONCA
13%
Astana NL Ide SCHELLING
13%
Alpecin - Deceuninck NZ Jensen PLOWRIGHT
13%
Alpecin - Deceuninck NL Lars BOVEN
13%
DSM-Firmenich PostNL NL Martijn TUSVELD
13%
Q36.5 IT Nicolò PARISINI
13%
DSM-Firmenich PostNL DE Niklas MARKL
13%
Astana CO Santiago UMBA
13%
Alpecin - Deceuninck BE Xandro MEURISSE
13%
Astana KZ Anton KUZMIN
10%
Lotto Dstny BE Arjen LIVYNS
10%
EF Education - EasyPost AU Harry SWEENY
10%
Cofidis FR Hugo TOUMIRE
10%
Uno-X NO Idar ANDERSEN
10%
Lotto Dstny AU Logan CURRIE
10%
EF Education - EasyPost GB Lukas NERURKAR
10%
Intermarché - Wanty BE Vito BRAET
10%
Jayco AlUla AU Blake QUICK
8%
Cofidis FR Kenny ELISSONDE
8%
Israel - Premier Tech GB Mason HOLLYMAN
8%
Lotto Dstny NL Mathijs PAASSCHENS
8%
Uno-X NO Ådne HOLTER
5%
Alpecin - Deceuninck DE Juri HOLLMANN
5%
Q36.5 IT Alessandro FANCELLU
3%
Uno-X NO Anders SKAARSETH
3%
DSM-Firmenich PostNL NL Enzo LEIJNSE
3%
Uno-X NO Markus HOELGAARD
3%
Aucun quiz correspondant
Distribution des résultats
% des personnes avec chaque résultat
Percentile par nombre de réponses
Votre historique - résultats
Vous n’avez pas pris ce quiz depuis la dernière actualisation